Southville International School and Colleges
Your cart is empty.
  • Cart
  • Lists
    Public lists Eva Luna New books Lux_list list_1
    Your lists Log in to create your own lists
  • Log in to your account
  • Your cookies
  • Search history
Southville International School and Colleges
  • Advanced search
  • Recent comments
  • Most popular
  • Libraries

Log in to your account

Log in with GOOGLE


If you do not have an external account, but do have a local account, you can still log in:

  1. Home
  2. MARC view: Drama Queen :
Normal view MARC view ISBD view

Drama Queen : (Record no. 368653)

[ view plain ]
MARC details
000 -LEADER
fixed length control field 00648nam a22001937a 4500
003 - CONTROL NUMBER IDENTIFIER
control field 0
005 - DATE AND TIME OF LATEST TRANSACTION
control field 20251114132759.0
008 - FIXED-LENGTH DATA ELEMENTS--GENERAL INFORMATION
fixed length control field 251114b xxu||||| |||| 00| 0 eng d
020 ## - INTERNATIONAL STANDARD BOOK NUMBER
International Standard Book Number 971-927-060-8
050 ## - LIBRARY OF CONGRESS CALL NUMBER
Classification number PZ 7
Item number .A578 D73 2003
100 ## - MAIN ENTRY--PERSONAL NAME
Personal name Aquino, Abi,
Relator term author.
245 ## - TITLE STATEMENT
Title Drama Queen :
Remainder of title a novel /
Statement of responsibility, etc Abi Aquino.
260 ## - PUBLICATION, DISTRIBUTION, ETC. (IMPRINT)
Place of publication, distribution, etc Muntinlupa :
Name of publisher, distributor, etc Summit Publishing Co. Inc.,
Date of publication, distribution, etc 2003.
300 ## - PHYSICAL DESCRIPTION
Extent 142 pages :
Dimensions 18 cm.
520 ## - SUMMARY, ETC.
Summary, etc A contemporary novel exploring the life, challenges, and adventures of a young woman navigating family, school, and social life.<br/>
650 ## - SUBJECT ADDED ENTRY--TOPICAL TERM
Topical term or geographic name as entry element Fiction.
650 ## - SUBJECT ADDED ENTRY--TOPICAL TERM
Topical term or geographic name as entry element Contemporary fiction.
942 ## - ADDED ENTRY ELEMENTS (KOHA)
Source of classification or shelving scheme Library of Congress Classification
Koha item type Books
Holdings
Withdrawn status Lost status Source of classification or shelving scheme Damaged status Home library Current library Shelving location Date acquired Source of acquisition Sub Shelving location Total Checkouts Full call number Barcode Date last seen Price effective from Koha item type
    Library of Congress Classification   Luxembourg Library Luxembourg Library Fiction Section 02/06/2025 Donation     PZ 7 .A578 D73 2003 21317 11/14/2025 11/14/2025 Books

Drama Queen :

APA

Aquino A., . (2003). Drama Queen. Muntinlupa: Summit Publishing Co. Inc.

Chicago

Aquino Abi, . 2003. Drama Queen. Muntinlupa: Summit Publishing Co. Inc.

Harvard

Aquino A., . (2003). Drama Queen. Muntinlupa: Summit Publishing Co. Inc.

MLA

Aquino Abi, . Drama Queen. Muntinlupa: Summit Publishing Co. Inc. 2003.

  • Place hold
  • Print
  • Cite
  • Add to your cart (remove)
  • Save record
    BIBTEX Dublin Core MARCXML MARC (non-Unicode/MARC-8) MARC (Unicode/UTF-8) MARC (Unicode/UTF-8, Standard) MODS (XML) RIS
  • More searches
    Search for this title in:
    Other Libraries (WorldCat) Other Databases (Google Scholar) Online Stores (Bookfinder.com) Open Library (openlibrary.org)

Exporting to Dublin Core...

SOUTHVILLE LIBRARY

Southville International School and Colleges Library

1281 Tropical Ave. Cor. Luxembourg St., BF Homes International, Las Pinas City

Tel. No. 8256374 / 252358 Loc. 117/146

Powered by Koha